01252namaa2200277 i 4500003000900000005001700009008004100026020003500067020004000102040004300142082003200185100003600217245008900253264006400342300004700406336002100453337002500474338002300499490004300522504005100565505022900616541005000845650003200895650003700927651001000964EG-GICUC20260104113846.0260104s2003 ncua|||gr|||| 001 0 eng d a0807828378qcloth : alk. paper a9780807828373q(cloth : alk. paper) aEG-GiCUCbengcEG-GiCUCdEG-GiCUCerda04221a303.4821767101821bE7141 aErnst, Carl W.,d1950-eAuthor.10aFollowing Muhammad : brethinking Islam in the contemporary world / cCarl W. Ernst. aChapel Hill : bUniversity of North Carolina Press, c2003. axxv, 244 pages : bIllustrations ;c22 cm. 2rdacontentatext 2rdamediaaUnmediated 2rdacarrieravolume aIslamic civilization & Muslim networks aIncludes bibliographical references and index. aIslam in the eyes of the West -- Approaching Islam in terms of religion -- The sacred sources of Islam -- Ethics and life in the world -- Spirituality in practice -- Postscript: reimagining Islam in the twenty-first century. aDr. Jabir Usfour ; bCairo ; cGift ; d2024.1 aIslamy21st century.2qrmak1 aIslam xEssence, genius, nature.1 2qrmak